| 000 | 00352nam a22001457a 4500 | ||
|---|---|---|---|
| 008 | 221216b ||||| |||| 00| 0 eng d | ||
| 020 | _a9781414429892 | ||
| 041 | _aeng | ||
| 080 |
_22 VOLUME _a618.8 |
||
| 082 | _a618.8FUN | ||
| 100 | _a11.2 | ||
| 101 | _aNEURO | ||
| 245 |
_aTHE GALE ENCYCLOPEDIA OF MENTAL HEALTH _cFUNDUKIAN.J.L |
||
| 942 |
_2udc _cBK |
||
| 999 |
_c59193 _d59193 |
||